<?xml version="1.0" encoding="UTF-8"?>
<record
    xmlns:xsi="http://www.w3.org/2001/XMLSchema-instance"
    xsi:schemaLocation="http://www.loc.gov/MARC21/slim http://www.loc.gov/standards/marcxml/schema/MARC21slim.xsd"
    xmlns="http://www.loc.gov/MARC21/slim">

  <leader>00819nam a22001337a 4500</leader>
  <datafield tag="999" ind1=" " ind2=" ">
    <subfield code="c">529094</subfield>
    <subfield code="d">529094</subfield>
  </datafield>
  <controlfield tag="008">250220b           ||||| |||| 00| 0 eng d</controlfield>
  <datafield tag="100" ind1=" " ind2=" ">
    <subfield code="a">  Juvin, Herve   </subfield>
    <subfield code="9">50768</subfield>
  </datafield>
  <datafield tag="245" ind1=" " ind2=" ">
    <subfield code="a">Rebuilding &#x201C;corporate social responsibility&#x201D; indexes: How to break with financial totalitarianism. </subfield>
  </datafield>
  <datafield tag="260" ind1=" " ind2=" ">
    <subfield code="a">World Affairs: The Journal of International Issues  </subfield>
  </datafield>
  <datafield tag="300" ind1=" " ind2=" ">
    <subfield code="a">28(4), Oct-Dec, 2024: p.52-61</subfield>
  </datafield>
  <datafield tag="520" ind1=" " ind2=" ">
    <subfield code="a"> This article draus  a comparison between the modern global guidelines intended to promote &#x201C;diversity, equity and intended to current western liberal nations and he traditional principal of respect for the customs and rules of other societies squally practiced by traders across Eurasia during past centauries. &#x2013; Reproduced </subfield>
  </datafield>
  <datafield tag="773" ind1=" " ind2=" ">
    <subfield code="a">World Affairs: The Journal of International Issues  </subfield>
  </datafield>
  <datafield tag="942" ind1=" " ind2=" ">
    <subfield code="c">AR</subfield>
  </datafield>
  <datafield tag="952" ind1=" " ind2=" ">
    <subfield code="0">0</subfield>
    <subfield code="1">0</subfield>
    <subfield code="2">ddc</subfield>
    <subfield code="4">0</subfield>
    <subfield code="7">0</subfield>
    <subfield code="9">404199</subfield>
    <subfield code="a">IIPA</subfield>
    <subfield code="b">IIPA</subfield>
    <subfield code="d">2025-02-20</subfield>
    <subfield code="h">28(4), Oct-Dec, 2024: p.52-61</subfield>
    <subfield code="p">AR135247</subfield>
    <subfield code="r">2025-02-20</subfield>
    <subfield code="y">AR</subfield>
  </datafield>
</record>
